Quiz o Polsce - Statystyki

Ogólne statystyki
  • Ten quiz został rozwiązany 60 razy
  • Średni wynik to 14 z 15
Statystyki odpowiedzi
Zagadnienie Odpowiedź % Poprawnych
Jakie morze leży na północy Polski? Bałtyckie
100%
Jakie miasto było pierwszą stolicą Polski? Gniezno
100%
Jaki się nazywa nowy prezydent Polski? Karol Nawrocki
100%
Jak nazywa się hymn Polski? Mazurek Dąbrowskiego
100%
Jaka jest stolica Polski? Warszawa
100%
Jaka waluta obowiązuje w Polsce? złoty
100%
Która rzeka jest najdłuższa w Polsce? Wisła
98%
Ile jest województw w Polsce 16
96%
Jak nazywa się najwyższy szczyt w Polsce? Rysy
96%
Który z poniższych władców został koronowany na pierwszego króla Polski? Bolesław Chrobry
92%
W którym roku Polska odzyskała niepodległość po zaborach? 1918
90%
Kiedy wybuchło Powstanie Warszawskie? 1 sierpnia 1944
88%
W jakim roku Polska wstąpiła do Unii Europejskiej? 2004
88%
Kiedy był chrzest Polski? 966
83%
Jaka jest drugi naród lub grupa etniczna występująca w Polsce? Ślązacy
46%
Nie znaleziono quizów pasujących do podanych kryteriów
Rozkład punktacji
Procent ludzi z każdym wynikiem
Percentyl według liczby udzielonych odpowiedzi
Twoja historia wyników
Nie rozwiązałeś tego quizu